| 000 -ლიდერი |
| ფიქსირებული სიგრძის საკონტროლო ველი |
00933nam a22001937a 4500 |
| 003 - საკონტროლო ნომრის იდენტიფიკატორი |
| საკონტროლო ველი |
Ge_BSU |
| 005 - ბოლო ოპერაციის თარიღი და დრო |
| საკონტროლო ველი |
20220420173608.0 |
| 008 - ფიქსირებული სიგრძის მონაცემთა ელემენტები - ზოგადი ინფორმაცია |
| ფიქსირებული სიგრძის საკონტროლო ველი |
220420b ge ||||| |||| 00| 0 geo d |
| 024 ## - სხვა სტანდარტული იდენტიფიკატორი |
| Standard number or code |
9789941941481 |
| 041 ## - ენის კოდი |
| Language code of text/sound track or separate title |
geo |
| 080 ## - უნივერსალური ათობითი კლასიფიკაციის ინდექსი |
| Universal Decimal Classification number |
821.133.1-32 ფ-97 |
| 100 ## - მთავარი ჩანაწერი - პიროვნების სახელი |
| Personal name |
ფუკო, მიშელ |
| 9 (RLIN) |
13687 |
| 245 ## - ცნობა სათაურის შესახებ |
| Title |
ეს არ არის ჩიბუხი / |
| Statement of responsibility, etc |
მიშელ ფუკო ; ფრანგულიდან თარგმნა ნატალია მთივლიშვილმა ; რედაქტორი მარინა ბალავაძე. |
| 264 ## - წარმოების, გამოცემის, დისტრიბუციის და სხვა ცნობები |
| გამოცემის, წარმოების, დისტრიბუციის... ადგილი |
თბილისი : |
| გამოცემის, წარმოების, დისტრიბუციის... სახელწოდება |
აგორა, |
| გამოცემის, წარმოების, დისტრიბუციის... თარიღი |
2015. |
| 300 ## - ფიზიკური აღწერა |
| Extent |
100 გვ. : |
| Other physical details |
ილ. ; |
| Dimensions |
17 სმ. |
| 700 ## - ADDED ENTRY--PERSONAL NAME |
| Personal name |
მთივლიშვილი, ნატალია |
| Relator term |
მთარგმნელი |
| 9 (RLIN) |
3065 |
| 700 ## - ADDED ENTRY--PERSONAL NAME |
| Personal name |
ბალავაძე, მარინა |
| Relator term |
რედაქტორი |
| 9 (RLIN) |
13688 |
| 942 ## - ADDED ENTRY ELEMENTS (KOHA) |
| Source of classification or shelving scheme |
|
| Koha item type |
წიგნი |